<?xml version="1.0" encoding="UTF-8"?>
<record
    xmlns:xsi="http://www.w3.org/2001/XMLSchema-instance"
    xsi:schemaLocation="http://www.loc.gov/MARC21/slim http://www.loc.gov/standards/marcxml/schema/MARC21slim.xsd"
    xmlns="http://www.loc.gov/MARC21/slim">

  <leader>00570nam a22001577a 4500</leader>
  <controlfield tag="003">OSt</controlfield>
  <controlfield tag="005">20151207143157.0</controlfield>
  <controlfield tag="008">151207b        xxu||||| |||| 00| 0 eng d</controlfield>
  <datafield tag="040" ind1=" " ind2=" ">
    <subfield code="c">RUA</subfield>
  </datafield>
  <datafield tag="082" ind1=" " ind2=" ">
    <subfield code="a">ATM &#x17A0;&#x17C4; 1991 B190 Or.1</subfield>
  </datafield>
  <datafield tag="100" ind1=" " ind2=" ">
    <subfield code="9">4457</subfield>
    <subfield code="a">&#x17A0;&#x17C4; &#x1785;&#x17D0;&#x1793;&#x17D2;&#x1791;&#x178A;&#x17B6;&#x179A;&#x17C9;&#x17B6;&#x179A;&#x17B7;&#x1791;&#x17D2;&#x1792;</subfield>
  </datafield>
  <datafield tag="245" ind1=" " ind2=" ">
    <subfield code="a">&#x179F;&#x17B7;&#x1780;&#x17D2;&#x179F;&#x17B6;&#x17A7;&#x1794;&#x1780;&#x179A;&#x178E;&#x17CD;&#x1794;&#x17D2;&#x179A;&#x1798;&#x17BC;&#x179B;&#x1795;&#x179B;&#x178A;&#x17C4;&#x1799;&#x1780;&#x17C6;&#x179B;&#x17B6;&#x17C6;&#x1784;&#x1798;&#x1793;&#x17BB;&#x179F;&#x17D2;&#x179F;&#x179B;&#x17BE;&#x1795;&#x179B;&#x179F;&#x17D2;&#x179A;&#x17BC;&#x179C;&#x1793;&#x17B7;&#x1784;&#x179F;&#x178E;&#x17D2;&#x178A;&#x17C2;&#x1780;&#x179F;&#x17C0;&#x1784;</subfield>
  </datafield>
  <datafield tag="260" ind1=" " ind2=" ">
    <subfield code="a">Phnom Penh</subfield>
    <subfield code="b">RUA</subfield>
    <subfield code="c">1991</subfield>
  </datafield>
  <datafield tag="300" ind1=" " ind2=" ">
    <subfield code="a">55p.</subfield>
    <subfield code="b">ill.</subfield>
    <subfield code="c">29cm.</subfield>
  </datafield>
  <datafield tag="942" ind1=" " ind2=" ">
    <subfield code="2">ddc</subfield>
    <subfield code="c">ATM</subfield>
  </datafield>
  <datafield tag="999" ind1=" " ind2=" ">
    <subfield code="c">4157</subfield>
    <subfield code="d">4157</subfield>
  </datafield>
  <datafield tag="952" ind1=" " ind2=" ">
    <subfield code="0">0</subfield>
    <subfield code="1">0</subfield>
    <subfield code="2">ddc</subfield>
    <subfield code="4">0</subfield>
    <subfield code="6">ATM_&#x17A0;&#x17C4;_1991_000000000000000_B190_OR_1</subfield>
    <subfield code="7">0</subfield>
    <subfield code="9">20892</subfield>
    <subfield code="a">LBB</subfield>
    <subfield code="b">LBB</subfield>
    <subfield code="c">B190</subfield>
    <subfield code="d">2015-12-07</subfield>
    <subfield code="o">ATM &#x17A0;&#x17C4; 1991 B190 Or.1</subfield>
    <subfield code="p">RUA41016</subfield>
    <subfield code="r">2015-12-07</subfield>
    <subfield code="w">2015-12-07</subfield>
    <subfield code="y">ATM</subfield>
  </datafield>
  <datafield tag="952" ind1=" " ind2=" ">
    <subfield code="0">0</subfield>
    <subfield code="1">0</subfield>
    <subfield code="2">ddc</subfield>
    <subfield code="4">0</subfield>
    <subfield code="6">ATM_&#x17A0;&#x17C4;_1991_000000000000000_B190_OR_2</subfield>
    <subfield code="7">0</subfield>
    <subfield code="9">20893</subfield>
    <subfield code="a">LBB</subfield>
    <subfield code="b">LBB</subfield>
    <subfield code="c">B190</subfield>
    <subfield code="d">2015-12-07</subfield>
    <subfield code="o">ATM &#x17A0;&#x17C4; 1991 B190 Or.2</subfield>
    <subfield code="p">RUA41137</subfield>
    <subfield code="r">2015-12-07</subfield>
    <subfield code="w">2015-12-07</subfield>
    <subfield code="y">ATM</subfield>
  </datafield>
  <datafield tag="952" ind1=" " ind2=" ">
    <subfield code="0">0</subfield>
    <subfield code="1">0</subfield>
    <subfield code="2">ddc</subfield>
    <subfield code="4">0</subfield>
    <subfield code="6">ATM_&#x17A0;&#x17C4;_1991_000000000000000_B190_OR_3</subfield>
    <subfield code="7">0</subfield>
    <subfield code="9">20894</subfield>
    <subfield code="a">LBB</subfield>
    <subfield code="b">LBB</subfield>
    <subfield code="c">B190</subfield>
    <subfield code="d">2015-12-07</subfield>
    <subfield code="o">ATM &#x17A0;&#x17C4; 1991 B190 Or.3</subfield>
    <subfield code="p">RUA40960</subfield>
    <subfield code="r">2015-12-07</subfield>
    <subfield code="w">2015-12-07</subfield>
    <subfield code="y">ATM</subfield>
  </datafield>
  <datafield tag="952" ind1=" " ind2=" ">
    <subfield code="0">0</subfield>
    <subfield code="1">0</subfield>
    <subfield code="2">ddc</subfield>
    <subfield code="4">0</subfield>
    <subfield code="6">ATM_&#x17A0;&#x17C4;_1991_000000000000000_B190_OR_4</subfield>
    <subfield code="7">0</subfield>
    <subfield code="9">20895</subfield>
    <subfield code="a">LBB</subfield>
    <subfield code="b">LBB</subfield>
    <subfield code="c">B190</subfield>
    <subfield code="d">2015-12-07</subfield>
    <subfield code="o">ATM &#x17A0;&#x17C4; 1991 B190 Or.4</subfield>
    <subfield code="p">RUA40903</subfield>
    <subfield code="r">2015-12-07</subfield>
    <subfield code="w">2015-12-07</subfield>
    <subfield code="y">ATM</subfield>
  </datafield>
  <datafield tag="952" ind1=" " ind2=" ">
    <subfield code="0">0</subfield>
    <subfield code="1">0</subfield>
    <subfield code="2">ddc</subfield>
    <subfield code="4">0</subfield>
    <subfield code="6">ATM_&#x17A0;&#x17C4;_1991_000000000000000_B190_OR_5</subfield>
    <subfield code="7">0</subfield>
    <subfield code="9">20896</subfield>
    <subfield code="a">LBB</subfield>
    <subfield code="b">LBB</subfield>
    <subfield code="c">B190</subfield>
    <subfield code="d">2015-12-07</subfield>
    <subfield code="o">ATM &#x17A0;&#x17C4; 1991 B190 Or.5</subfield>
    <subfield code="p">RUA44544</subfield>
    <subfield code="r">2015-12-07</subfield>
    <subfield code="w">2015-12-07</subfield>
    <subfield code="y">ATM</subfield>
  </datafield>
  <datafield tag="952" ind1=" " ind2=" ">
    <subfield code="0">0</subfield>
    <subfield code="1">0</subfield>
    <subfield code="2">ddc</subfield>
    <subfield code="4">0</subfield>
    <subfield code="6">ATM_&#x17A0;&#x17C4;_1991_000000000000000_B190_OR_6</subfield>
    <subfield code="7">0</subfield>
    <subfield code="9">20897</subfield>
    <subfield code="a">LBB</subfield>
    <subfield code="b">LBB</subfield>
    <subfield code="c">B190</subfield>
    <subfield code="d">2015-12-07</subfield>
    <subfield code="o">ATM &#x17A0;&#x17C4; 1991 B190 Or.6</subfield>
    <subfield code="p">RUA41159</subfield>
    <subfield code="r">2015-12-07</subfield>
    <subfield code="w">2015-12-07</subfield>
    <subfield code="y">ATM</subfield>
  </datafield>
  <datafield tag="952" ind1=" " ind2=" ">
    <subfield code="0">0</subfield>
    <subfield code="1">0</subfield>
    <subfield code="2">ddc</subfield>
    <subfield code="4">0</subfield>
    <subfield code="6">ATM_&#x17A0;&#x17C4;_1991_000000000000000_B190_OR_7</subfield>
    <subfield code="7">0</subfield>
    <subfield code="9">20898</subfield>
    <subfield code="a">LBB</subfield>
    <subfield code="b">LBB</subfield>
    <subfield code="c">B190</subfield>
    <subfield code="d">2015-12-07</subfield>
    <subfield code="o">ATM &#x17A0;&#x17C4; 1991 B190 Or.7</subfield>
    <subfield code="p">RUA44061</subfield>
    <subfield code="r">2015-12-07</subfield>
    <subfield code="w">2015-12-07</subfield>
    <subfield code="y">ATM</subfield>
  </datafield>
</record>
